MUNNS INTRODUCTION TO PSYCHOLOGY (Record no. 215453)

MARC details
000 -LEADER
fixed length control field 00365nam a2200145Ia 4500
008 - FIXED-LENGTH DATA ELEMENTS--GENERAL INFORMATION
fixed length control field 230704s9999 xx 000 0 und d
020 ## - INTERNATIONAL STANDARD BOOK NUMBER
International Standard Book Number 9788174730909
100 ## - MAIN ENTRY--PERSONAL NAME
Personal name FERNALD, L. DODGE
245 #0 - TITLE STATEMENT
Title MUNNS INTRODUCTION TO PSYCHOLOGY
250 ## - EDITION STATEMENT
Edition statement 5TH
260 ## - PUBLICATION, DISTRIBUTION, ETC.
Name of publisher, distributor, etc. AITBS PUBLISHERS, INDIA
Date of publication, distribution, etc. 2021
300 ## - PHYSICAL DESCRIPTION
Extent 643
650 ## - SUBJECT ADDED ENTRY--TOPICAL TERM
Topical term or geographic name entry element Anatomy & Physiology
942 ## - ADDED ENTRY ELEMENTS (KOHA)
Koha item type Book
Holdings
Withdrawn status Lost status Source of classification or shelving scheme Damaged status Not for loan Home library Current library Shelving location Date acquired Total Checkouts Barcode Date last seen Price effective from Koha item type Public note
    Dewey Decimal Classification     Mewar University Central Library Mewar University Central Library Pharmacy 15/05/2023   PH4616 10/07/2023 10/07/2023 Book pharmacy R-21 S-2
    Dewey Decimal Classification     Mewar University Central Library Mewar University Central Library Pharmacy 15/05/2023   PH4617 10/07/2023 10/07/2023 Book pharmacy R-21 S-2
    Dewey Decimal Classification     Mewar University Central Library Mewar University Central Library Pharmacy 15/05/2023   PH4618 10/07/2023 10/07/2023 Book pharmacy R-21 S-2
    Dewey Decimal Classification     Mewar University Central Library Mewar University Central Library Pharmacy 15/05/2023   PH4619 10/07/2023 10/07/2023 Book pharmacy R-21 S-2
    Dewey Decimal Classification     Mewar University Central Library Mewar University Central Library Pharmacy 15/05/2023   PH4620 10/07/2023 10/07/2023 Book pharmacy R-21 S-2